000 00399cam a22001217a 4500
008 180718b1988 xxu||||| |||| 00| 0 eng d
082 _aA81x54 In2/81/5/PT9/2
100 _aCensus of India 1981
245 _aGujarat: special tables for scheduled tribes
260 _aDelhi
_bThe Controller of Publications
_c1988
300 _a1460+p.
440 _aCensus of India 1981. Series-5, Gujarat. Part-IX (ii)
999 _c482053
_d482053